000 00318nam a22001337a 4500
020 _a0199484228
082 _a297,7 BOR
100 _aBorker, Hem
245 _aMadrasas and The Making of Islamic Womanhood
260 _aNew Delhi
_bOxford University Press
_c2018
300 _a326
650 _aMadrasas
942 _cBK
999 _c21688
_d21688